Statistics for Actors by Letter - B

Click here to take the quiz!

General Stats

  • This quiz has been taken 67 times
  • The average score is 13 of 20

Answer Stats

Years ActiveNationalityMovies or TV ShowsActor% Correct
1987 -Fight Club | SevenBrad Pitt
100%
1979 -Die Hard | RedBruce Willis
95%
1973 -Groundhog Day | GhostbustersBill Murray
87%
1975 -Zoolander | Tropic ThunderBen Stiller
82%
1981 -Good Will Hunting | ArgoBen Affleck
79%
1999 -A Star Is Born | Silver Linings PlaybooksBradley Cooper
77%
1941 - 1973Enter the Dragon | Fist of FuryBruce Lee
74%
1966 -Gandhi | House of Sand and FogBen Kingsley
74%
2000 -Doctor Strange | The Imitation GameBenedict Cumberbatch
69%
1967 -Funny Girl | YentlBarbra Streisand
65%
1958 - 2018Smokey and the Bandit | DeliveranceBurt Reynolds
63%
1988 -The Mummy | George of the JungleBrendan Fraser
58%
1980 -Breaking Bad | TrumboBryan Cranston
56%
1974 -Sling Blade | Monster's BallBilly Bob Thornton
56%
1932 - 1977White Christman | Holiday InnBing Crosby
56%
1998 -Captain Marvel | RoomBrie Larson
52%
1991 - 2009Clueless | Just MarriedBrittany Murphy
45%
1929 - 1989What Ever Happened to Baby Jane? | All About EveBette Davis
45%
1987 -Sicario | The Unusual SuspectBenicio del Toro
42%
1931 - 1985All the King's Men | Highway PatrolBroderick Crawford
11%

Score Distribution

Percentile by Number Answered

Percent of People with Each Score

Your Score History

You have not taken this quiz